[Event "SVE Seniors op 2nd"]
[Site "Eidelstedt"]
[Date "2019.08.05"]
[Round "7"]
[White "Ruider, Thomas"]
[Black "Hinrichs, Winfried"]
[Result "1-0"]
[WhiteElo "1790"]
[BlackElo "1492"]
[PlyCount "63"]
[EventDate "2019.07.15"]
[EventType "swiss"]
[EventRounds "7"]
[EventCountry "GER"]
[SourceTitle "EXT 2020"]
[Source "ChessBase"]
[SourceDate "2019.10.17"]
[SourceVersion "1"]
[SourceVersionDate "2019.10.17"]
[SourceQuality "1"]

1. d4 Nf6 2. Nf3 g6 3. Nc3 Bg7 4. e4 0-0 5. Be3 d6 6. Qd2 Ng4 7. Bg5 h6 8. Bh4 Nd7 9. h3 Ngf6 10. e5 dxe5 11. dxe5 Nh7 12. 0-0-0 c6 13. Be2 Qc7 14. Bxe7 Re8 15. Bd6 Qa5 16. Rhe1 Nhf8 17. Qe3 Ne6 18. Bc4 Ndc5 19. Bxe6 Nxe6 20. Ne4 Qxa2 21. Nf6+ Bxf6 22. exf6 Qa1+ 23. Kd2 Qa5+ 24. c3 Qd5+ 25. Kc1 Qh5 26. Be7 b6 27. Qd2 Rb8 28. Re5 g5 29. h4 Qg6 30. hxg5 hxg5 31. Nxg5 Ba6 32. Nxe6 1-0

[Event "SVE Seniors op 2nd"]
[Site "Eidelstedt"]
[Date "2019.07.31"]
[Round "6"]
[White "Hinrichs, Winfried"]
[Black "Pape, Rainer"]
[Result "1/2-1/2"]
[WhiteElo "1492"]
[BlackElo "1841"]
[PlyCount "93"]
[EventDate "2019.07.15"]
[EventType "swiss"]
[EventRounds "7"]
[EventCountry "GER"]
[SourceTitle "EXT 2020"]
[Source "ChessBase"]
[SourceDate "2019.10.17"]
[SourceVersion "1"]
[SourceVersionDate "2019.10.17"]
[SourceQuality "1"]

1. e4 e5 2. Nf3 Nc6 3. Bb5 a6 4. Bxc6 dxc6 5. 0-0 Bg4 6. h3 Bh5 7. d3 Bd6 8. Nbd2 Ne7 9. Re1 0-0 10. Nf1 f6 11. Ng3 Bf7 12. Be3 Be6 13. c3 c5 14. Ne2 Ng6 15. d4 cxd4 16. cxd4 Bb4 17. Bd2 Bxd2 18. Qxd2 exd4 19. Nexd4 Bf7 20. Qc2 c6 21. Rad1 Qa5 22. b3 Rad8 23. Nf5 Rxd1 24. Rxd1 Rd8 25. Rxd8+ Qxd8 26. Ne3 Nf4 27. e5 g6 28. exf6 Qxf6 29. Ng4 Qd6 30. Nh6+ Kg7 31. Nxf7 Kxf7 32. Ng5+ Kg8 33. Qc4+ Nd5 34. Qg4 Qe7 35. Qc8+ Kg7 36. Ne6+ Kf6 37. Nf8 h6 38. Nd7+ Kg7 39. g3 Nf6 40. Nxf6 Kxf6 41. Qh8+ Qg7 42. Qd8+ Ke6 43. Qe8+ Kd6 44. Qd8+ Qd7 45. Qf6+ Qe6 46. Qf8+ Kc7 47. Qxh6 1/2-1/2

[Event "SVE Seniors op 2nd"]
[Site "Eidelstedt"]
[Date "2019.07.29"]
[Round "5"]
[White "Bremer, Wolfgang"]
[Black "Hinrichs, Winfried"]
[Result "1/2-1/2"]
[WhiteElo "1487"]
[BlackElo "1492"]
[PlyCount "99"]
[EventDate "2019.07.15"]
[EventType "swiss"]
[EventRounds "7"]
[EventCountry "GER"]
[SourceTitle "EXT 2020"]
[Source "ChessBase"]
[SourceDate "2019.10.17"]
[SourceVersion "1"]
[SourceVersionDate "2019.10.17"]
[SourceQuality "1"]

1. d4 Nf6 2. Nf3 g6 3. g3 Bg7 4. Bg2 0-0 5. 0-0 d6 6. c3 c6 7. Nbd2 Nbd7 8. b3 e5 9. Qc2 exd4 10. cxd4 d5 11. Bb2 Re8 12. Rfe1 Ne4 13. Rad1 Ndf6 14. Nxe4 Nxe4 15. e3 Bf5 16. Nh4 Nxg3 17. Nxf5 Nxf5 18. Bc1 Nh4 19. f4 Nxg2 20. Qxg2 f5 21. Qg3 Bf6 22. Re2 Re7 23. Rg2 Rg7 24. Kh1 Bh4 25. Qh3 Bf6 26. Rdg1 Qe8 27. Bd2 Qe4 28. Be1 Re8 29. Bf2 b6 30. Qg3 g5 31. fxg5 Rxg5 32. Qd6 Rxg2 33. Rxg2+ Kf7 34. h3 Rg8 35. Qh2 Qxg2+ 36. Qxg2 Rxg2 37. Kxg2 Be7 38. Kf3 Bd6 39. Bg3 Bxg3 40. Kxg3 Kf6 41. Kf4 h6 42. h4 Ke6 43. b4 a6 44. a3 b5 45. Kf3 Kf7 46. Kf4 Kf6 47. h5 Ke6 48. Kf3 Kf7 49. Kg3 Ke6 50. Kf3 1/2-1/2

[Event "SVE Seniors op 2nd"]
[Site "Eidelstedt"]
[Date "2019.07.17"]
[Round "2"]
[White "Hinrichs, Winfried"]
[Black "Stave, Klaus"]
[Result "1-0"]
[WhiteElo "1492"]
[BlackElo "1492"]
[PlyCount "57"]
[EventDate "2019.07.15"]
[EventType "swiss"]
[EventRounds "7"]
[EventCountry "GER"]
[SourceTitle "EXT 2020"]
[Source "ChessBase"]
[SourceDate "2019.10.17"]
[SourceVersion "1"]
[SourceVersionDate "2019.10.17"]
[SourceQuality "1"]

1. e4 c6 2. d3 d5 3. Nd2 e5 4. Ngf3 Nd7 5. g3 Ngf6 6. Bg2 Bc5 7. c3 a6 8. 0-0 0-0 9. d4 exd4 10. cxd4 Ba7 11. e5 Ng4 12. h3 Nh6 13. Nb3 Nf5 14. Qd3 Nb6 15. Nc5 Nc4 16. Nxb7 Qb6 17. Nc5 Nxb2 18. Bxb2 Qxb2 19. Rfb1 Qxd4 20. Nxd4 Bxc5 21. Nxf5 g6 22. Nd6 Bxd6 23. exd6 Bf5 24. Qc3 Bxb1 25. Rxb1 Rab8 26. Rxb8 Rxb8 27. d7 Rb1+ 28. Kh2 Rb8 29. Qf6 1-0

[Event "Hamburg HSK Christmas op 4th"]
[Site "Hamburg"]
[Date "2018.12.29"]
[Round "5"]
[White "Rodrigues, Afonso1"]
[Black "Hinrichs, Winfried"]
[Result "1-0"]
[WhiteElo "1493"]
[BlackElo "1551"]
[PlyCount "81"]
[EventDate "2018.12.27"]
[EventType "swiss"]
[EventRounds "7"]
[EventCountry "GER"]
[SourceTitle "CBM 188 Extra"]
[Source "ChessBase"]
[SourceDate "2019.02.28"]
[SourceVersion "1"]
[SourceVersionDate "2019.02.28"]
[SourceQuality "1"]

1. e4 c5 2. Nf3 d6 3. d4 cxd4 4. Nxd4 a6 5. Be3 Nf6 6. Nc3 e6 7. f3 Be7 8. Qd2 Qc7 9. g4 h6 10. Be2 Nbd7 11. h4 Ne5 12. 0-0-0 Bd7 13. g5 Nh5 14. gxh6 Ng3 15. hxg7 Rg8 16. Rhg1 Bxh4 17. f4 Nc6 18. Nxc6 Qxc6 19. Bf3 Rxg7 20. Qh2 Bf6 21. Rxg3 Rxg3 22. Qxg3 Bxc3 23. bxc3 Qxc3 24. Bd4 Qa3+ 25. Bb2 Qe3+ 26. Kb1 0-0-0 27. Rd3 Qb6 28. Rb3 Qc7 29. Rc3 Bc6 30. e5 d5 31. Ba3 Qb6+ 32. Rb3 Qd4 33. Bb2 Qd2 34. Bc3 Qe3 35. Ba5 Qc5 36. Bxd8 Kxd8 37. Qe1 Kd7 38. Qe3 d4 39. Bxc6+ bxc6 40. Qd3 Kc7 41. Qxa6 1-0

[Event "Hamburg-ch Seniors 65+"]
[Site "Hamburg"]
[Date "2018.11.03"]
[Round "4"]
[White "Wang, Huanying"]
[Black "Hinrichs, Winfried"]
[Result "0-1"]
[WhiteElo "1305"]
[BlackElo "1615"]
[PlyCount "98"]
[EventDate "2018.10.31"]
[EventType "swiss"]
[EventRounds "9"]
[EventCountry "GER"]
[SourceTitle "CBM 189 Extra"]
[Source "ChessBase"]
[SourceDate "2019.05.31"]
[SourceVersion "1"]
[SourceVersionDate "2019.05.31"]
[SourceQuality "1"]

1. e4 c5 2. Nf3 d6 3. Bc4 e6 4. 0-0 a6 5. Re1 b5 6. Bf1 Nc6 7. d4 cxd4 8. Nxd4 Bd7 9. Nxc6 Bxc6 10. b3 Nf6 11. Nc3 Be7 12. Bb2 0-0 13. e5 dxe5 14. Bd3 Qc7 15. a3 Rfd8 16. Re3 e4 17. Nxe4 Bxe4 18. f3 Bxd3 19. Rxd3 Rxd3 20. cxd3 Nd5 21. Kh1 Bf6 22. d4 Qd6 23. Qg1 Rc8 24. Qf2 Qc6 25. g3 Qd6 26. Bc1 Rc3 27. b4 Qc6 28. Qg1 Qc4 29. Qd1 Rc2 30. Bd2 Bxd4 31. Rc1 Rxc1 32. Bxc1 Nc3 33. Qe1 Qe2 34. Qxe2 Nxe2 35. Bd2 Bb2 36. Kg2 Bxa3 37. Kf1 Nd4 38. Kf2 Nc2 39. f4 Bxb4 40. Bxb4 Nxb4 41. Ke3 Nd5+ 42. Kd4 a5 43. f5 Kf8 44. fxe6 fxe6 45. h4 h5 46. Ke5 Kf7 47. Kd4 Kf6 48. Kc5 b4 49. Kb5 b3 0-1

[Event "Hamburg-ch Seniors 65+"]
[Site "Hamburg"]
[Date "2018.10.31"]
[Round "1"]
[White "Hinrichs, Winfried"]
[Black "Weiss, Hartwig"]
[Result "1/2-1/2"]
[WhiteElo "1615"]
[BlackElo "1948"]
[PlyCount "85"]
[EventDate "2018.10.31"]
[EventType "swiss"]
[EventRounds "9"]
[EventCountry "GER"]
[SourceTitle "CBM 189 Extra"]
[Source "ChessBase"]
[SourceDate "2019.05.31"]
[SourceVersion "1"]
[SourceVersionDate "2019.05.31"]
[SourceQuality "1"]

1. e4 c6 2. d4 d5 3. exd5 cxd5 4. Bd3 Nc6 5. c3 Nf6 6. Nf3 Bg4 7. h3 Bh5 8. 0-0 e6 9. Bf4 Bd6 10. Bxd6 Qxd6 11. Nbd2 0-0 12. Re1 Rfe8 13. Nf1 e5 14. dxe5 Nxe5 15. N1h2 Rad8 16. Be2 Bg6 17. Nxe5 Rxe5 18. Nf3 Re7 19. Nd4 a6 20. Bf3 Rxe1+ 21. Qxe1 Re8 22. Qd2 Qe5 23. Ne2 Be4 24. Bxe4 dxe4 25. Qd4 Qb5 26. Qd2 h6 27. Nd4 Qd5 28. Qe3 Qc4 29. b3 Qc7 30. c4 Qa5 31. a3 Qe5 32. Rd1 Qc5 33. Nc2 Qe7 34. Nb4 Qe5 35. Nd5 Nxd5 36. cxd5 Qd6 37. b4 f5 38. Qc5 Rd8 39. a4 Kf7 40. a5 Rd7 41. Qd4 Qf6 42. Qc4 Qd6 43. Qc5 1/2-1/2

[Event "Blankenese op 2nd"]
[Site "Hamburg"]
[Date "2018.10.03"]
[Round "7.28"]
[White "Hinrichs, Winfried"]
[Black "Knauer, Frank"]
[Result "0-1"]
[WhiteElo "1615"]
[BlackElo "1816"]
[PlyCount "70"]
[EventDate "2018.09.29"]
[EventType "swiss"]
[EventRounds "7"]
[EventCountry "GER"]
[SourceTitle "EXT 2020"]
[Source "ChessBase"]
[SourceDate "2019.10.17"]
[SourceVersion "1"]
[SourceVersionDate "2019.10.17"]
[SourceQuality "1"]

1. e4 d6 2. Nf3 Nf6 3. d3 g6 4. g3 Bg7 5. Bg2 c5 6. 0-0 Nc6 7. Nbd2 0-0 8. c3 a6 9. a4 Rb8 10. Re1 e5 11. Nf1 Be6 12. Ne3 b5 13. axb5 axb5 14. Ng5 Bd7 15. Nf3 h6 16. Bd2 Be6 17. Qc2 Qb6 18. b4 Rfc8 19. bxc5 dxc5 20. Reb1 Qd8 21. Rb2 Ne8 22. Qb1 Nd6 23. Nd5 Ne7 24. Nxe7+ Qxe7 25. Be3 Qb7 26. Nd2 b4 27. cxb4 cxb4 28. Ra4 b3 29. Ra3 Rc3 30. d4 exd4 31. e5 Qb4 32. Bxd4 Qxd4 33. exd6 Qxd6 34. Ne4 Qxa3 35. Nxc3 Bxc3 0-1

[Event "GER-ch Seniors 65"]
[Site "Hamburg"]
[Date "2018.07.25"]
[Round "5"]
[White "Hinrichs, Winfried"]
[Black "Redeker, Frank"]
[Result "1/2-1/2"]
[WhiteElo "1231"]
[BlackElo "1615"]
[PlyCount "111"]
[EventDate "2018.07.21"]
[EventType "swiss"]
[EventRounds "9"]
[EventCountry "GER"]
[SourceTitle "CBM 186 Extra"]
[Source "ChessBase"]
[SourceDate "2018.08.24"]
[SourceVersion "1"]
[SourceVersionDate "2018.08.24"]
[SourceQuality "1"]

1. e4 d6 2. d4 Nf6 3. Nc3 g6 4. Bd3 Bg7 5. f4 0-0 6. Nf3 b6 7. 0-0 Bb7 8. h3 c5 9. d5 Nbd7 10. Be3 Rc8 11. Qe2 c4 12. Bxc4 Nc5 13. Bxc5 bxc5 14. Rab1 Rb8 15. a3 Nd7 16. Qd3 Qc8 17. b4 Nb6 18. b5 Nxc4 19. Qxc4 Bxc3 20. Qxc3 e6 21. dxe6 Qxe6 22. f5 Qxe4 23. fxg6 fxg6 24. Rbe1 Qf5 25. Re7 Rf7 26. Rfe1 Bxf3 27. Rxf7 Qxf7 28. Rf1 Rxb5 29. Rxf3 Rb1+ 30. Kf2 Qe7 31. Qc4+ Kg7 32. Qc3+ Qe5 33. Qxe5+ dxe5 34. Rc3 Rb5 35. Ke3 Kf6 36. Ke4 Ke6 37. Rc4 Kd6 38. Ra4 a5 39. Rc4 Rb1 40. Rc3 Re1+ 41. Re3 Rxe3+ 42. Kxe3 Kd5 43. Kd3 c4+ 44. Ke3 a4 45. c3 Kd6 46. Ke4 Ke6 47. g4 h6 48. h4 g5 49. h5 Kd6 50. Ke3 Kd5 51. Kf3 e4+ 52. Ke2 Ke6 53. Kf2 Ke5 54. Ke3 Kd5 55. Kf2 Ke6 56. Ke2 1/2-1/2

[Event "GER-ch Seniors 65"]
[Site "Hamburg"]
[Date "2018.07.22"]
[Round "2"]
[White "Hinrichs, Winfried"]
[Black "Weber, Martin1"]
[Result "0-1"]
[WhiteElo "1231"]
[BlackElo "1857"]
[PlyCount "74"]
[EventDate "2018.07.21"]
[EventType "swiss"]
[EventRounds "9"]
[EventCountry "GER"]
[SourceTitle "CBM 186 Extra"]
[Source "ChessBase"]
[SourceDate "2018.08.24"]
[SourceVersion "1"]
[SourceVersionDate "2018.08.24"]
[SourceQuality "1"]

1. e4 c5 2. Nf3 e6 3. d4 cxd4 4. Nxd4 Nf6 5. Nc3 a6 6. Be2 d6 7. 0-0 b5 8. a3 Bb7 9. Bg5 Be7 10. Bxf6 Bxf6 11. Kh1 Nd7 12. Nb3 Qc7 13. Nd4 Qb6 14. Ndxb5 axb5 15. Nxb5 Be7 16. f3 0-0 17. c4 Ba6 18. b4 Bxb5 19. cxb5 Bf6 20. Ra2 Bc3 21. Qb3 Rfc8 22. a4 Qd4 23. Rd1 Qxb4 24. Qxb4 Bxb4 25. Kg1 Ra5 26. Rb1 Bc5+ 27. Kf1 Nb6 28. Bd1 Rca8 29. Bb3 g6 30. f4 Nxa4 31. Bxa4 Rxa4 32. Rab2 Bb6 33. Rb4 Ra1 34. Ke2 Rxb1 35. Rxb1 Ra2+ 36. Kf3 Ra3+ 37. Kg4 h5+ 0-1